<?xml version="1.0" encoding="UTF-8"?>
<record
    xmlns:xsi="http://www.w3.org/2001/XMLSchema-instance"
    xsi:schemaLocation="http://www.loc.gov/MARC21/slim http://www.loc.gov/standards/marcxml/schema/MARC21slim.xsd"
    xmlns="http://www.loc.gov/MARC21/slim">

  <leader>04058nam a2200373 a 4500</leader>
  <controlfield tag="003">OSt</controlfield>
  <controlfield tag="005">20250422113009.0</controlfield>
  <controlfield tag="007">cr ||||||a|c|a</controlfield>
  <controlfield tag="008">250221s2024    mx a|||fom||| 001 0 spa d</controlfield>
  <datafield tag="040" ind1=" " ind2=" ">
    <subfield code="e">rda</subfield>
  </datafield>
  <datafield tag="100" ind1="1" ind2=" ">
    <subfield code="a">Amaya Garc&#xED;a, Abel Jahair</subfield>
    <subfield code="9">190139</subfield>
  </datafield>
  <datafield tag="245" ind1="1" ind2=" ">
    <subfield code="a">Huella h&#xED;drica de la calabacita (Cucurbita pepo L.) versus alfalfa (Medicago sativa) en el Municipio de Ju&#xE1;rez, Chihuahua, M&#xE9;xico /</subfield>
    <subfield code="c">por Abel Jahair Amaya Garc&#xED;a y Emmanuel Ortega Jaquez; director de tesis Jos&#xE9; Luis Rios Flores; secretario Nidia Susana Sifuentes Rodr&#xED;guez; vocal Mario Ortega Aranda; suplente Sigifredo Armend&#xE1;riz Erives; suplente Jesus Enrique Cant&#xFA; Brito.</subfield>
  </datafield>
  <datafield tag="264" ind1=" " ind2="1">
    <subfield code="a">Durango, M&#xE9;xico :</subfield>
    <subfield code="b">El autor,</subfield>
    <subfield code="c">2024.</subfield>
  </datafield>
  <datafield tag="300" ind1=" " ind2=" ">
    <subfield code="a">1 recurso en l&#xED;nea (65 p&#xE1;ginas):</subfield>
    <subfield code="b">cuadros, figuras.</subfield>
  </datafield>
  <datafield tag="336" ind1=" " ind2=" ">
    <subfield code="2">rdacontent</subfield>
    <subfield code="a">texto</subfield>
    <subfield code="b">txt</subfield>
  </datafield>
  <datafield tag="337" ind1=" " ind2=" ">
    <subfield code="2">rdamedia</subfield>
    <subfield code="a">computadora</subfield>
    <subfield code="b">c</subfield>
  </datafield>
  <datafield tag="338" ind1=" " ind2=" ">
    <subfield code="2">rdacarrier</subfield>
    <subfield code="a">recurso en l&#xED;nea</subfield>
    <subfield code="b">cr</subfield>
  </datafield>
  <datafield tag="502" ind1=" " ind2=" ">
    <subfield code="b">ISA</subfield>
    <subfield code="b">ISP</subfield>
    <subfield code="c">URUZA</subfield>
    <subfield code="d">2024.</subfield>
    <subfield code="g">LIC</subfield>
  </datafield>
  <datafield tag="504" ind1=" " ind2=" ">
    <subfield code="a">Incluye referencias bibliogr&#xE1;ficas: p&#xE1;ginas 53-56.</subfield>
  </datafield>
  <datafield tag="520" ind1=" " ind2=" ">
    <subfield code="a">El objetivo de este trabajo fue la determinaci&#xF3;n de la huella h&#xED;drica del cultivo de calabacita (Cucurbita pepo L.) producida en el municipio de Ju&#xE1;rez, Chihuahua, M&#xE9;xico mediante &#xED;ndices de productividad y eficiencia del agua utilizada en la producci&#xF3;n y contrastarle en contra de los correspondientes &#xED;ndices del cultivo de alfalfa (Medicago sativa), forraje ampliamente cultivado en el municipio de Ju&#xE1;rez. La metodolog&#xED;a consisti&#xF3; en el uso de ecuaciones matem&#xE1;tico-econ&#xF3;micas de Rios et al (2018) para estimar la productividad y eficiencia del agua a nivel comercial. Los resultados muestran &#xED;ndices de Relaci&#xF3;n Beneficio/Costo de 0.33 en la calabacita y 1.08 en la alfalfa, lo que se&#xF1;ala que por cada peso invertido solo se recuperaron 33 centavos en la calabacita mientras que en la alfalfa se recuper&#xF3; cada peso invertido y un excedente adicional bajo la forma de ganancia de 8 centavos, asimismo los resultados se&#xF1;alan que la calabacita tuvo menor eficiencia y productividad f&#xED;sica que la alfalfa, ya que se tuvieron &#xED;ndices de eficiencia f&#xED;sica de 0.224 y 0.183 m3 kg-1 y 4.46 y 5.46 kg m-3 respectivamente, en cuanto a la eficiencia y productividad econ&#xF3;mica del agua, la calabacita fue ineficiente e improductiva, sus &#xED;ndices as&#xED; lo demuestran: 0.31 m3 por USD de p&#xE9;rdida y 57.0 m3 por USD de ganancia en cuanto a la eficiencia econ&#xF3;mica y una p&#xE9;rdida de USD 28,734 por hm3 en contra de una ganancia de USD 4,900 por hm3 utilizado, no as&#xED; en el &#xE1;mbito social, rubro en el que la calabacita super&#xF3; ampliamente a la alfalfa, pues se demandaron solamente 8,959 m3 de agua por empleo generado en calabacita en contra de 279,273 m3 en la alfalfa, y en cuanto a la productividad social los &#xED;ndices fueron iguales a 111.63 empleos por hm3 en calabacita y 3.58 empleos por hm3 en la alfalfa. En cuanto a la productividad del trabajo, medido con las variables VBP/trabajador, ganancia/trabajador y horas/tonelada, los indicadores de USD 14,353, menos USD 28,734 y 0.058 horas/ton en la calabacita comparados en contra de los indicadores de la alfalfa: USD 67,681, USD4,900 y 0.002 horas/ton muestran que en la calabacita fue menos productivo el tiempo de trabajo invertido en la producci&#xF3;n.</subfield>
  </datafield>
  <datafield tag="650" ind1=" " ind2="4">
    <subfield code="a">Alfalfa</subfield>
    <subfield code="x">Aspectos econ&#xF3;micos</subfield>
    <subfield code="9">3849</subfield>
  </datafield>
  <datafield tag="650" ind1=" " ind2="4">
    <subfield code="a">Alfalfa</subfield>
    <subfield code="x">Rendimiento</subfield>
    <subfield code="9">3887</subfield>
  </datafield>
  <datafield tag="650" ind1=" " ind2="4">
    <subfield code="a">Calabaza</subfield>
    <subfield code="x">Aspectos econ&#xF3;micos</subfield>
    <subfield code="9">190141</subfield>
  </datafield>
  <datafield tag="650" ind1=" " ind2="4">
    <subfield code="a">Calabaza</subfield>
    <subfield code="x">Rendimiento</subfield>
    <subfield code="9">17294</subfield>
  </datafield>
  <datafield tag="650" ind1=" " ind2="4">
    <subfield code="a">Huella h&#xED;drica</subfield>
    <subfield code="9">145885</subfield>
  </datafield>
  <datafield tag="700" ind1="1" ind2=" ">
    <subfield code="a">Ortega Jaquez, Emmanuel</subfield>
    <subfield code="9">190140</subfield>
  </datafield>
  <datafield tag="700" ind1="1" ind2=" ">
    <subfield code="a">R&#xED;os Flores, Jos&#xE9; Luis</subfield>
    <subfield code="9">99197</subfield>
    <subfield code="e">Director de tesis.</subfield>
  </datafield>
  <datafield tag="700" ind1="1" ind2=" ">
    <subfield code="a">Sifuentes Rodr&#xED;guez, Nidia Susana</subfield>
    <subfield code="9">189050</subfield>
    <subfield code="e">Secretario.</subfield>
  </datafield>
  <datafield tag="700" ind1="1" ind2=" ">
    <subfield code="a">Ortega Aranda, Mario</subfield>
    <subfield code="9">185436</subfield>
    <subfield code="e">Vocal.</subfield>
  </datafield>
  <datafield tag="700" ind1="1" ind2=" ">
    <subfield code="a">Armendariz Erives, Sigifredo</subfield>
    <subfield code="9">7168</subfield>
    <subfield code="e">Suplente.</subfield>
  </datafield>
  <datafield tag="700" ind1="1" ind2=" ">
    <subfield code="a">Cant&#xFA; Brito, Jes&#xFA;s Enrique</subfield>
    <subfield code="9">18484</subfield>
    <subfield code="e">Suplente.</subfield>
  </datafield>
  <datafield tag="856" ind1=" " ind2=" ">
    <subfield code="u">http://10.13.5.2/tesis/tl/1511846-7_Y_1210102-9_ORTEGA_JAQUEZ_EMMANUEL_Y_AMAYA_GARCIA_ABELJAHAIR.pdf</subfield>
    <subfield code="z">DESCARGAR PDF</subfield>
  </datafield>
  <datafield tag="942" ind1=" " ind2=" ">
    <subfield code="2">Clasificaci&#xF3;n Universidad Aut&#xF3;noma Chapingo</subfield>
    <subfield code="c">TD</subfield>
  </datafield>
  <datafield tag="999" ind1=" " ind2=" ">
    <subfield code="c">220470</subfield>
    <subfield code="d">220470</subfield>
  </datafield>
  <datafield tag="952" ind1=" " ind2=" ">
    <subfield code="0">0</subfield>
    <subfield code="1">0</subfield>
    <subfield code="2">local</subfield>
    <subfield code="4">0</subfield>
    <subfield code="5">1</subfield>
    <subfield code="7">0</subfield>
    <subfield code="8">TesDigL</subfield>
    <subfield code="a">BD</subfield>
    <subfield code="b">BD</subfield>
    <subfield code="c">E_L</subfield>
    <subfield code="d">2025-02-21</subfield>
    <subfield code="l">0</subfield>
    <subfield code="o">Tesis digital</subfield>
    <subfield code="r">2025-02-21 09:57:57</subfield>
    <subfield code="w">2025-02-21</subfield>
    <subfield code="y">TD</subfield>
  </datafield>
</record>
